000 00736nam a2200205 a 4500
005 20140414132103.0
008 100722s19uu xx 00 eng d
020 _a9781595665638
050 _aM 590
_bH84 2008
100 _aHuggins-Cooper, Lynn.
245 _aAmazing creatures.
260 _aLaguna Hills, CA :
_bQEB pub,
_c2008.
300 _a32 p.
440 _aAwesome animals
500 _aIncludes index.
520 _a"Describes unusual species of mammals, reptiles, and fish that have unique features and behaviors that help them adapt to their habitats"--Provided by publisher.
650 _aAnimals --Miscellanea --Juvenile literature.
650 _aPhysiology --Miscellanea --Juvenile literature
999 _c114515
_d114515